Blink-182 All Songs - Statistics

General Stats
  • This quiz has been taken 186 times
  • The average score is 66 of 199
Answer Stats
Album Song % Correct
ENEMA OF THE STATE all the small things
87%
DUDE RANCH dammit
86%
ENEMA OF THE STATE adams song
85%
BUDDHA | CHESHIRE CAT carousel
85%
ENEMA OF THE STATE anthem
83%
BLINK-182 i miss you
78%
ENEMA OF THE STATE whats my age again
78%
TAKE OFF YOUR PANTS AND JACKET first date
77%
ENEMA OF THE STATE aliens exist
76%
TAKE OFF YOUR PANTS AND JACKET the rock show
74%
ENEMA OF THE STATE dumpweed
73%
BLINK-182 go
73%
BLINK-182 always
71%
BLINK-182 feeling this
71%
DUDE RANCH josie
71%
ENEMA OF THE STATE mutt
67%
ONE MORE TIME one more time
67%
BUDDHA dont
66%
TAKE OFF YOUR PANTS AND JACKET stay together for the kids
66%
TAKE OFF YOUR PANTS AND JACKET anthem part two
64%
ENEMA OF THE STATE going away to college
64%
ONE MORE TIME anthem part 3
63%
TAKE OFF YOUR PANTS AND JACKET rollercoaster
63%
BLINK-182 down
62%
ENEMA OF THE STATE dont leave me
61%
THE MARK, TOM AND TRAVIS SHOW man overboard
60%
BLINK-182 stockholm syndrome
60%
TAKE OFF YOUR PANTS AND JACKET online songs
59%
ENEMA OF THE STATE the party song
59%
ENEMA OF THE STATE wendy clear
59%
ENEMA OF THE STATE dysentery gary
58%
CHESHIRE CAT m+ms
57%
TAKE OFF YOUR PANTS AND JACKET happy holidays you bastard
56%
TAKE OFF YOUR PANTS AND JACKET shut up
54%
TAKE OFF YOUR PANTS AND JACKET story of a lonely guy
54%
CALIFORNIA california
53%
DOGS EATING DOGS dogs eating dogs
52%
TAKE OFF YOUR PANTS AND JACKET reckless abandon
52%
BLINK-182 violence
51%
CALIFORNIA bored to death
50%
TAKE OFF YOUR PANTS AND JACKET every time i look for you
50%
BLINK-182 heres your letter
50%
BLINK-182 obvious
49%
TAKE OFF YOUR PANTS AND JACKET please take me home
49%
DUDE RANCH pathetic
47%
DUDE RANCH apple shampoo
46%
BLINK-182 asthenia
46%
DUDE RANCH dick lips
46%
BLINK-182 easy target
44%
CALIFORNIA shes out of her mind
44%
BLINK-182 all of this
43%
DUDE RANCH waggy
43%
DUDE RANCH untitled
42%
NEIGHBORHOODS up all night
42%
DUDE RANCH emo
41%
THE MARK, TOM AND TRAVIS SHOW family reunion
41%
DUDE RANCH voyeur
41%
ONE MORE TIME edging
40%
NEIGHBORHOODS ghost on the dance floor
40%
GREATEST HITS not now
40%
CALIFORNIA san diego
40%
ONE MORE TIME dance with me
39%
NINE darkside
37%
BUDDHA | CHESHIRE CAT tv
37%
DUDE RANCH a new hope
36%
DOGS EATING DOGS boxing day
36%
BLINK-182 im lost without you
36%
DUDE RANCH lemmings
36%
DOGS EATING DOGS pretty little girl
36%
NEIGHBORHOODS after midnight
35%
GREATEST HITS another girl another planet
35%
TAKE OFF YOUR PANTS AND JACKET give me one good reason
35%
SINGLE i wont be home for christmas
35%
BLINK-182 stockholm syndrome interlude
35%
BLINK-182 the fallen interlude
35%
CHESHIRE CAT ben wah balls
34%
DUDE RANCH enthused
34%
DUDE RANCH im sorry
34%
BUDDHA | CHESHIRE CAT strings
34%
CALIFORNIA los angeles
33%
NEIGHBORHOODS snake charmer
33%
NEIGHBORHOODS wishing well
33%
ONE MORE TIME more than you know
32%
NEIGHBORHOODS natives
32%
CHESHIRE CAT peggy sue
32%
CHESHIRE CAT touchdown boy
31%
ONE MORE TIME turpentine
31%
DUDE RANCH boring
30%
BUDDHA time
30%
BUDDHA | CHESHIRE CAT toast and bananas
30%
THE MARK, TOM AND TRAVIS SHOW blow job
29%
CALIFORNIA cynical
29%
CHESHIRE CAT depends
29%
ONE MORE TIME fell in love
29%
BUDDHA | CHESHIRE CAT fentoozler
29%
CHESHIRE CAT wasting time
29%
DOGS EATING DOGS when i was young
29%
CALIFORNIA built this pool
28%
DUDE RANCH degenerate
28%
NEIGHBORHOODS kaleidoscope
28%
BUDDHA | CHESHIRE CAT romeo and rebecca
28%
ONE MORE TIME when we were young
28%
CHESHIRE CAT cacophony
27%
ONE MORE TIME childhood
27%
ONE MORE TIME fuck face
27%
CALIFORNIA brohemian rhapsody
26%
CHESHIRE CAT does my breath smell
26%
TAKE OFF YOUR PANTS AND JACKET BONUS fuck a dog
26%
NEIGHBORHOODS hearts all gone
26%
ONE MORE TIME terrified
26%
NINE i really wish i hated you
25%
CHESHIRE CAT just about done
24%
NINE pin the grenade
24%
BUDDHA reebok commercial
24%
ONE MORE TIME PART 2 all in my head
23%
DOGS EATING DOGS disaster
23%
NINE blame it on my youth
22%
ONE MORE TIME PART 2 no fun
22%
BUDDHA my pet sally
21%
CALIFORNIA sober
21%
BUDDHA the girl next door
21%
CALIFORNIA 6/8
20%
ONE MORE TIME cut me off
20%
NEIGHBORHOODS even if she falls
20%
NINE happy days
20%
SINGLE not another christmas song
20%
ONE MORE TIME other side
20%
ONE MORE TIME turn this off
20%
ONE MORE TIME PART 2 one night stand
19%
NINE on some emo shit
19%
CALIFORNIA parking lot
19%
ONE MORE TIME bad news
18%
ONE MORE TIME blink wave
18%
ONE MORE TIME PART 2 every other weekend
18%
NEIGHBORHOODS fighting the gravity
18%
CALIFORNIA home is such a lonely place
18%
CALIFORNIA no future
18%
THE MARK, TOM AND TRAVIS SHOW the country song
18%
TAKE OFF YOUR PANTS AND JACKET BONUS what went wrong
18%
ONE MORE TIME you dont know what youve got
18%
BUDDHA 21 days
17%
NEIGHBORHOODS hearts all gone interlude
17%
NINE heaven
17%
CALIFORNIA kings of the weekend
17%
NEIGHBORHOODS love is dangerous
17%
NEIGHBORHOODS mh 4.18.2011
17%
ONE MORE TIME PART 2 take me in
17%
CALIFORNIA teenage satellites
17%
NEIGHBORHOODS this is home
17%
TAKE OFF YOUR PANTS AND JACKET BONUS time to break up
17%
ONE MORE TIME PART 2 cant go back
16%
TAKE OFF YOUR PANTS AND JACKET BONUS mothers day
16%
CALIFORNIA rabbit hole
16%
BUDDHA | CHESHIRE CAT sometimes
16%
ONE MORE TIME PART 2 everyone everywhere
15%
NINE no heart to speak of
15%
SINGLE quarantine
15%
CALIFORNIA wildfire
15%
CALIFORNIA bottom of the ocean
14%
CALIFORNIA cant get you more pregnant
14%
NINE generational divide
14%
ONE MORE TIME PART 2 if you never left
14%
NINE ransom
14%
NINE the first time
14%
NINE black rain
13%
ONE MORE TIME hurt interlude
13%
CALIFORNIA last train home
13%
CALIFORNIA left alone
13%
BUDDHA point of view
13%
NINE remember to forget me
13%
FLYSWATTER marlboro man
12%
CALIFORNIA misery
12%
ONE MORE TIME see you
12%
TAKE OFF YOUR PANTS AND JACKET BONUS when you fucked grandpa
12%
THEY CAME TO CONQUER URANUS zulu
12%
CALIFORNIA good old days
11%
CALIFORNIA long lost feeling
11%
CALIFORNIA the only thing that matters
11%
FLYSWATTER alone
10%
TAKE OFF YOUR PANTS AND JACKET BONUS dont tell me its over
10%
NINE hungover you
10%
CALIFORNIA hey im sorry
9%
CALIFORNIA dont mean anything
8%
FLYSWATTER red skies
8%
NINE run away
8%
BUDDHA DEMO transvestite
8%
THEY CAME TO CONQUER URANUS wrecked him
8%
BUDDHA DEMO the family next door
7%
FLYSWATTER the longest line
6%
SINGLE dancing with myself
5%
FLYSWATTER freak scene
5%
ENEMA OF THE STATE DEMO lifes so boring
3%
No matching quizzes found
Score Distribution
Percent of People with Each Score
Percentile by Number Answered
Your Score History
You have not taken this quiz